00696cam a2200229 a 450000100100000000500170001000800410002702000150006804000300008308200180011310000560013124500420018726000310022930000200026049000120028050000620029265000240035465000260037865000250040465000240042983000130045300001010820200929161840.0940706s1992 sp 001 p spa  a8487417205 aDO-SdBNPbspacDLCdBNPHU a861.64bH633c1 aHierro, Joséd1922-2002q(José Hierro del Real)10aCuanto sé de mí /cJosé Hierro. aMadrid :bLa Palma,c1992. a77 p. ;c21 cm.1 aRetorno aContiene algunas frases dichas por Calderón De La Barca 4aPoesía española 4aLiteratura española 4aAventurasxPoesías 4aSueñosxPoesías 0aRetorno.